000 00432nam a22001457a 4500
999 _c61152
_d61152
005 20231225144834.0
008 231225s1975 ru ||||| |||| 00| 0 rus d
041 _arus
080 _a7:069 Э-80
245 _aЭрмитаж :
_bЗападноевропейская живопись.
264 _aЛенинград :
_bАврора,
_c1975.
300 _a84 с.:
_b17 см.
653 _aერმიტაჟი
942 _2udc
_cBK